000 00480nam a22001817a 4500
003 OSt
005 20230327035359.0
008 230327b |||||||| |||| 00| 0 eng d
020 _a9789966003096
040 _aMMU
_bEng.
_cMMU
_dMMU
050 _aBV1534 .K56 2011
100 _4Kimani, Erick
245 _aWisdom for abundant living
_cErick Kimani
260 _aNairobi :
_bWordAlive,
_c2011.
300 _a154p.
650 _aWisdom for living abundantly
942 _2lcc
_cSPECIAL
999 _c32500
_d32497